|
|
|
|
| LEADER |
00000nam0a2200000 4500 |
| 001 |
327105 |
| 005 |
20240124112604.0 |
| 035 |
|
|
|a (RuTPU)RU\TPU\book\352765
|
| 090 |
|
|
|a 327105
|
| 100 |
|
|
|a 20170125d2016 k y0rusy50 ca
|
| 101 |
0 |
|
|a rus
|
| 102 |
|
|
|a RU
|
| 105 |
|
|
|a y dm 001zy
|
| 200 |
1 |
|
|a Зажигание структурно-неоднородных (металлизированные смесевые, гелеобразные и диспергированные топлива) конденсированных веществ и полимерных материалов при локальном нагреве
|e автореферат диссертации на соискание ученой степени доктора физико-математических наук
|e спец. 01.04.17
|f Д. О. Глушков
|g Национальный исследовательский Томский политехнический университет (ТПУ) ; науч. рук. Г. В. Кузнецов
|
| 210 |
|
|
|a Томск
|c [Б. и.]
|d 2016
|
| 215 |
|
|
|a 47 с.
|
| 300 |
|
|
|a Защита сост. 27.12.2016 г.
|
| 320 |
|
|
|a Библиогр.: с. 41-47 (57 назв.)
|
| 606 |
1 |
|
|a Горение
|x Физические методы исследования
|2 stltpush
|3 (RuTPU)RU\TPU\subj\69250
|9 84206
|
| 610 |
1 |
|
|a физика
|
| 610 |
1 |
|
|a зажигание
|
| 610 |
1 |
|
|a локальный нагрев
|
| 610 |
1 |
|
|a металлизированные топлива
|
| 610 |
1 |
|
|a высокие температуры
|
| 610 |
1 |
|
|a твердые тела
|
| 610 |
1 |
|
|a конденсированные вещества
|
| 610 |
1 |
|
|a тепловые контакты
|
| 610 |
1 |
|
|a гелеобразные топлива
|
| 610 |
1 |
|
|a суспензионные топлива
|
| 610 |
1 |
|
|a диспергированные горючие
|
| 610 |
1 |
|
|a газофазное зажигание
|
| 610 |
1 |
|
|a тепломассоперенос
|
| 610 |
1 |
|
|a инициирование
|
| 610 |
1 |
|
|a авторефераты диссертаций
|
| 610 |
1 |
|
|a труды учёных ТПУ
|
| 675 |
|
|
|a 536.46(04)
|v 4
|
| 686 |
|
|
|a 01.04.17
|2 oksvnk
|
| 700 |
|
1 |
|a Глушков
|b Д. О.
|c специалист в области теплоэнергетики
|c профессор, директор ИШФВП Томского политехнического университета, доктор технических наук
|f 1988-
|g Дмитрий Олегович
|3 (RuTPU)RU\TPU\pers\29001
|9 13722
|
| 702 |
|
1 |
|a Кузнецов
|b Г. В.
|c специалист в области теплоэнергетики
|c профессор Томского политехнического университета, доктор физико-математических наук
|f 1949-
|g Гений Владимирович
|3 (RuTPU)RU\TPU\pers\25528
|4 727
|9 11458
|
| 712 |
0 |
2 |
|a Национальный исследовательский Томский политехнический университет (ТПУ)
|c (2009- )
|3 (RuTPU)RU\TPU\col\15902
|
| 801 |
|
1 |
|a RU
|b 63413507
|c 20170125
|
| 801 |
|
2 |
|a RU
|b 63413507
|c 20170208
|g RCR
|
| 942 |
|
|
|c BK
|